Contabilidade (Record no. 137405)

MARC details
000 -LÍDER
campo de controle de tamanho fixo 00744 a2200193 4500
001 - NÚMERO DE CONTROLE
campo de controle 137405
020 ## - ISBN - INTERNATIONAL STANDARD BOOK NUMBER
ISBN - International Standard Book Number 9788522473885
040 ## - FONTE DA CATALOGAÇÃO
Instituição que transcreveu o registro Leonardo Da Vinci
041 ## - CÓDIGO DE IDIOMA
Código do idioma do texto/trilha sonora ou título diferente Português
082 ## - CDD - CLASSIFICAÇÃO DECIMAL DE DEWEY
Número de Classificação 657.48 S235c
Número do exemplar S235c
100 ## - ENTRADA PRINCIPAL--NOME PESSOAL
Nome pessoal SANTOS, Fernando de Almeida
-- VEIGA, Windsor Espenser
245 ## - TÍTULO
Título Contabilidade
Restante do título com ênfase em micro, pequenas e médias empresas
250 ## - EDIÇÃO
Edição 2. ed
260 ## - PUBLICAÇÃO, DISTRIBUIÇÃO, ETC.
Nome do editor, distribuidor, etc. Atlas
Data da publicação, distribuição, etc. 2012
Local de publicação, distribuição, etc. São Paulo
362 ## - DATAS DE PUBLICAÇÃO E/OU DESIGNAÇÃO SEQUENCIAL
Datas de publicação e/ou designação sequencial 20120000
500 ## - NOTA GERAL
Nota geral Atualizado pela legislação até julho de 2012 (Leis n. 11.638/07,<br/>11.941/09, LC n. 139, de 10/11/2011, e NBC TG 1000 - CPG - PME)
697 ## - ENTRADA DE ASSUNTO LOCAL--ENTIDADE COLETIVA (RLIN)
Nome corporativo ou nome da jurisdição Administração financeira
-- Contabilidade
-- Custos
-- Microempresas
-- Empresas
-- Legislação
-- Empreendedor
-- Finanças
-- FIPEN
942 ## - ELEMENTOS DE ENTRADA ADICIONADOS (KOHA)
Tipo de material Koha Livros
Holdings
Situação do descarte Situação das perdas Situação física Não pode ser emprestado Biblioteca de origem Biblioteca atual Data de aquisição Total de empréstimos Número de chamada completo Código de barras Data de último acesso Data do preço efetivo Tipo de material Koha
        Leonardo Da Vinci - Osasco Leonardo Da Vinci - Osasco 27/03/2024   657.48 S235c O015108 27/03/2024 27/03/2024 Livros
        Leonardo Da Vinci - Osasco Leonardo Da Vinci - Osasco 27/03/2024   657.48 S235c O015107 27/03/2024 27/03/2024 Livros
        Leonardo Da Vinci - Osasco Leonardo Da Vinci - Osasco 27/03/2024   657.48 S235c O015106 27/03/2024 27/03/2024 Livros
        Leonardo Da Vinci - Osasco Leonardo Da Vinci - Osasco 27/03/2024   657.48 S235c O015105 27/03/2024 27/03/2024 Livros
        Leonardo Da Vinci - Osasco Leonardo Da Vinci - Osasco 27/03/2024   657.48 S235c O015104 27/03/2024 27/03/2024 Livros
        Leonardo Da Vinci - Osasco Leonardo Da Vinci - Osasco 27/03/2024   657.48 S235c O015170 27/03/2024 27/03/2024 Livros